| 000 | 01638cam a2200361 a 4500 | ||
|---|---|---|---|
| 001 | 12365080 | ||
| 003 | OSt | ||
| 005 | 20140310183123.0 | ||
| 008 | 010113s2000 ph a b 000 0 eng | ||
| 010 | _a 99504698 | ||
| 020 | _a971271022X | ||
| 035 | _a(DLC) 99504698 | ||
| 037 |
_bLibrary of Congress -- Jakarta Overseas Office _cP375.00 |
||
| 040 |
_aDLC _cDLC _dDLC |
||
| 042 | _alcode | ||
| 043 | _aa-ph--- | ||
| 050 | 0 | 0 |
_aQ 141 _b.L483 2000 |
| 082 | 0 | 0 |
_aFIL 509.2 _bLee51 2000 |
| 100 | 1 | _aLee, Queena N. | |
| 245 | 1 | 0 |
_aTen outstanding Filipino scientists / _bLee-Chua, Queena N. |
| 246 | 3 | _a10 outstanding Filipino scientists | |
| 260 |
_aBarrio Ugong, Philippines: _bPublished and exclusively distributed by Anvil Pub. _cc2000. |
||
| 300 |
_a256 p. _bill. _c26 cm. |
||
| 504 | _aIncludes bibliographical references. | ||
| 505 | 0 | _aRamon Cabanos Barba, mango hero -- Josefino Cacas Comiso, space-based antarctic explorer -- Jose Bejar Cruz, Jr., electrical engineer extraordinaire -- Lourdes Jansuy Cruz, sea snail venom specialist -- Fabian Millar Dayrit, herbal medicine investigator -- Rafael Dineros Guerrero III, Tilapia sex engineer -- Enrique Mapua Ostrea, Jr., drug buster -- Lilian Formalejo PateƱa, plant biotechnology whiz -- Mari-Jo Panganiban Ruiz, outstanding educator and graph theorist -- Gregory Ligot Tangonan, communications innovator. | |
| 521 | _aBasic ed. students | ||
| 541 | _j1 | ||
| 562 | _e1 | ||
| 650 | 0 |
_aScientists _zPhilippines _vBiography. |
|
| 906 |
_a7 _bcbc _corigode _d3 _encip _f19 _gy-gencatlg |
||
| 942 |
_2lcc _cBK _kFIL |
||
| 999 |
_c18963 _d18963 |
||